Regulácia prirodzených monopolov a jej vplyv na dlhodobý ekonomický rast

Teoretické vymedzenie prirodzených monopolov. Nákladové krivky prirodzeného monopolu. Dlhodobá rovnováha firmy v dokonalej konkurencii. Rovnováha v podmienkach nedokonalej konkurencie. Trvalý verzus dočasný prirodzený monopol. Subaditivita. Efektívna cenová regulácia.

Salvato in:
Dettagli Bibliografici
Autore principale: Silanič, Peter, 1984-
Natura: Capitolo di libro
Lingua:slovacco
Soggetti:
Tags: Aggiungi Tag
Nessun Tag, puoi essere il primo ad aggiungerne!!

MARC

LEADER 00000nla$a2200000$$$4500
001 0147297
005 20240502072648.7
041 0 |a slo 
044 |a SK 
245 1 0 |a Regulácia prirodzených monopolov a jej vplyv na dlhodobý ekonomický rast  |c Peter Silanič 
520 |a Teoretické vymedzenie prirodzených monopolov. Nákladové krivky prirodzeného monopolu. Dlhodobá rovnováha firmy v dokonalej konkurencii. Rovnováha v podmienkach nedokonalej konkurencie. Trvalý verzus dočasný prirodzený monopol. Subaditivita. Efektívna cenová regulácia. 
610 2 0 |a monopoly prirodzené 
610 2 0 |a regulácia 
610 2 0 |a náklady 
610 2 0 |a regulácia cenová 
610 2 0 |a rast hospodársky dlhodobý 
100 1 |a Silanič, Peter, 1984-